000 01634nam a2200433 a 4500
001 000042959
003 DO-SdBNP
005 20220706120507.0
007 000042959
008 140213s2013 dr cf 000 0 spa d
020 _a9789945883022
040 _aBPMSU
_bspa
_cBPMSU
082 _a306.087293
_bA473r 2013
_222
100 1 _aÁlvarez, Soledad
245 1 0 _aRepública Dominicana :
_bpaisaje, cultura /
_cSoledad Álvarez; fotografías José Antonio Arias, Pedro J. Borrell, Ulises Borrell, Ricardo Briones, Juan de los Santos, Eladio Fernández, Mary Rosa Jiménez, Jesús Rodríguez.
260 _aSanto Domingo, :
_bODEBRECHT,
_c2013.
300 _a288 P. :
_bretrs., lam. ;
_c25 cm.
500 _aIncluye datos biografícos de los autores
500 _aIncluye índice fotográfico
504 _aBibliografía p: 281-282
650 4 _aIdentidad cultural
_zRepública Dominicana
_xCaracterísticas nacionales
650 4 _aAntropología cultural
_zRepública Dominicana.
650 4 _aPaisajes
650 4 _aGastronomía
_z
650 4 _aFolclor
_zRepública Dominicana.
651 4 _aRepública Dominicana
_xVida social y costumbres
651 4 _aRepública Dominicana
_vFotografías
_z
651 4 _aRepública Dominicana
_xHistoria
700 1 _aArias, José Antonio
_efot.
700 1 _aBorrell, Pedro J.
_efot.
700 1 _aBorrell, Ulises
_efot
700 1 _aBriones, Ricardo
_efot.
700 1 _aDe los Santos, Juan
_efot.
700 1 _aFernández, Eladio
_efot.
700 1 _aJiménez, Mary Rosa
_efot.
700 1 _aRodríguez, Jesús
_efot.
910 _aVMateo V.
942 _2ddc
_cBK
999 _c8077
_d8077